000 00719cam a2200205 i 4500
005 20251217091352.0
008 250721s1999 jo gr 000 0 ara d
020 _a9957060201
082 1 4 _a216.924
_bس ر ط
100 1 _aالسرطاوي، فؤاد عبد اللطيف
_eمؤلف.
245 1 2 _aالتمويل الإسلامي و دور القطاع الخاص /
_cتاليف عبد اللطيفالسرطاوي.
264 3 1 _aعمان :
_bدار المسيرة،
_c1999.
300 _a997 صفحه.
650 1 7 _aالنقود.
650 1 7 _aالبنوك الإسلامية.
650 1 7 _aالفقه الإسلامي.
650 1 7 _aالتمويل.
942 _2ddc
_cBK
999 _c41799
_d41799